| 000 | 00516nam a2200181 u 4500 | ||
|---|---|---|---|
| 005 | 20220603063748.0 | ||
| 008 | 170619s2013 r 000 0 eng d | ||
| 020 | _a9786070071652 | ||
| 035 | _aUPN01000218889 | ||
| 049 | _aI | ||
| 050 | 4 |
_aPZ73 _bF5.4 |
|
| 100 | 1 |
_aFludd, Moebius _940644 |
|
| 245 | 1 | 0 |
_aIsadora y el alquimista / _cMoebius Fludd ; il. Beatrix G. de Velasco. |
| 260 |
_aMéxico : _bCONACULTA, _c2013. |
||
| 300 |
_a[42] p. : _bil. col. |
||
| 650 | 4 |
_aCuentos infantiles _96744 |
|
| 905 | _aInfantil | ||
| 999 |
_c190989 _d190989 |
||